Hacia la incorporación de la ciencia y la tecnología en la concepción del desarrollo (Registro nro. 24543)

Detalles MARC
000 -LEADER
fixed length control field 00378 a2200109 4500
001 - CONTROL NUMBER
control field ART_9291
005 - DATE AND TIME OF LATEST TRANSACTION
control field 20260410161846.0
008 - FIXED-LENGTH DATA ELEMENTS--GENERAL INFORMATION
fixed length control field 260409a
100 1# - MAIN ENTRY--PERSONAL NAME
Personal name Sagasti, F. R.
245 10 - TITLE STATEMENT
Title Hacia la incorporación de la ciencia y la tecnología en la concepción del desarrollo
773 0# - HOST ITEM ENTRY
Title El trimestre económico
Related parts - Vol. L, Nº 199 (jul./set. 1983)
Record control number REV6933

No hay ítems disponibles.